| 000 | 00858nam a2200229 a 4500 | ||
|---|---|---|---|
| 001 | 13227 | ||
| 003 | BD-JhCC | ||
| 005 | 20230730090807.0 | ||
| 008 | 230726s2021 bg a|||| |||| 000 0 ben d | ||
| 020 | _a9789848394212 | ||
| 035 | _a(BD-JhCC)13227 | ||
| 040 |
_aBD-JhCC _dBD-JhCC |
||
| 041 | _aben | ||
| 082 |
_a297.18 _bMOH 2021 |
||
| 100 | _aমোহন, ড. ইকবাল কবীর | ||
| 245 |
_aনূহ (আ)-এর কাহিনী শুনি : _bছোটদের জন্য কুরআনের কহিনী / _cড. ইকবাল কবীর মোহন |
||
| 260 |
_aঢাকা : _bশিশুকানন প্রকাশন, _c২০২০ |
||
| 300 |
_a৪০ পৃ.: _bরঙিন পৃষ্ঠা; _c১৮ সেমি. |
||
| 650 | _aMuslim legend | ||
| 650 | _a juvenile literature | ||
| 942 |
_2ddc _cBK |
||
| 999 |
_c13227 _d13227 |
||